| 000 | 06912nam a22007095a 4500 | ||
|---|---|---|---|
| 005 | 20091218103817.0 | ||
| 008 | 091120t20092006paua j 001 0 eng | ||
| 010 | _aB-379558-595 | ||
| 020 |
_a9788123755335 _c15.00 |
||
| 035 | _aB-379558-595 | ||
| 037 | _bTarun Books | ||
| 040 |
_adpl _bEnglish |
||
| 082 | _aS | ||
| 100 | _aChakraborty, Swapnamoy | ||
| 245 |
_aTumpa and the sparrows / _cby Swapnamory Chakraborty; translated by Alok Chatterjee; illustrated by Swapan Nandy / |
||
| 260 |
_aNew Delhi _bNational Book Trust _c2009 |
||
| 270 |
_bNew Delh _aNehru Bhawan, 5 Institutiional Area, Phase-II, _e110070 |
||
| 300 |
_aunpaged _bcol. ill. _c21cm(pbk) |
||
| 490 | _aNehru Bal Pustakalaya | ||
| 700 | _aChatterjee, Alok | ||
| 700 | _aNandy, Swapan | ||
| 942 |
_2ddc _cCH _hS _mCHA |
||
| 999 |
_c33158 _d33158 |
||